000 00876nam a22002297a 4500
999 _c63502
_d63502
005 20240530110644.0
008 171107s2016 ua a g b 000 0 ara d
017 _a2015/4198
_bمصر. دار الكتب
020 _a9789772815463
040 _aEG-CaGPL
_cEG-CaGPL
082 0 4 _221
_a371.358\
_bأ ت
100 0 _aاحمد كمال الرشيدى .
245 1 2 _aالتعلم الالكترونى ما له و ما عليه :
_bرؤية تربوية /
_cتاليف احمد كمال الرشيدى .
250 _aط.1
260 _aالقاهرة :
_bالمكتبة الاكاديمية ،
_c2016 .
300 _a130 ص. ؛
_c24 سم.
504 _aببليوجرافية : ص 127 - 130
650 0 7 _2qrmak
_aالتعليم الالكترونى
650 0 7 _2qrmak
_aالتعليم عن بعد
942 _2ddc
_cBK